02227nab a2200253uuc4500001000800000005001700008008004100025035001200066035002100078040001300099041000800112100004000120245002600160520139700186650003001583650003401613650004101647650003001688650002001718700004101738773016501779942001001944999001901954126345120241031090042.0111108e20110601 spa  a1263451 a(OCoLC)820616437 ccomduadb aspa10aSierra, Carlos A.4auteaut963552010aInflación vectorial3 aA escalas cosmológicas el universo luce homogéneo es isótropo, aun cuando existan estructuras y espacio vacío. Uno de los mecanismos de evolución espaciotemporal del universo (no de creación) es el de inflación, propuesto por Alan Guth, mediante el cual el universo se expandio aceleradamente en fracciones de segundo y permitió que el contenido energético siguiera evolucionando hasta adquirir hoy en día la estructura que se puede observar. Los escenarios que muchos científicos han propuesto incluyendo a Guth, se basan en un campo escalar primordial llamado inflatón mediante el cual se inicia la inflación primordial del universo y se heredan del campo características como homogeneidad e isotropía. En la naturaleza aún no se a podido observar campos escalares fundamental, y es ésta la principal motivación para buscar otra alternativa que genere inflación siendo una de ellas los campos vectoriales. En este artículo se realiza un estudio sobre la inflación del tipo slow-roll utilizando campos vectoriales primordiales, obteniendo así los resultados asociados a la estadística de estructuras a gran escala concernientes a homogeneidad e isotropía, propiedades que han sido confirmadas observacionalmente y predichas por la ley de Hubble. Lo anterior conduce, a su vez, a resolver los problemas clásicos de la cosmología estándar. 7aCosmología2lemb931944 aInflación cósmica9191414 7aUniverso en expansión2lemb930575 aCampos vectoriales935489 aGravedad91688710aRodriguez, Yeinzon4auteaut95671200 tRevista de la Academia Colombiana de Ciencias Exactas, Físicas y Naturales (Bogotá)gVolumen 35, Número 135, Junio 2011, 167-173w100681x0370-3908093888 cARIMP c594498d594498